Who Is Allah in Islam? (Record no. 7234)

MARC details
000 -LEADER
fixed length control field 00570nam a2200241 a 4500
020 ## - INTERNATIONAL STANDARD BOOK NUMBER
ISBN
082 00 - DEWEY DECIMAL CLASSIFICATION NUMBER
Classification number 269.2
Author Cutter ABD1
100 ## - MAIN ENTRY--AUTHOR NAME
Author name Abd Al, Masih
245 ## - TITLE STATEMENT
Title Who Is Allah in Islam?
260 ## - PUBLICATION, DISTRIBUTION, ETC. (IMPRINT)
Place of publication Austria
Name of publisher Light of Life
Year of publication 0000
300 ## - PHYSICAL DESCRIPTION
Number of Pages 108p
500 ## - GENERAL NOTE
General note includes index and biblioraphy
505 2# - FORMATTED CONTENTS NOTE
Formatted contents note Part 1 and 2
650 ## - SUBJECT ADDED ENTRY--TOPICAL TERM
Topical Term Evangelistic Work
942 ## - ADDED ENTRY ELEMENTS (KOHA)
Koha item type Books
700 1# -
-- Abd Al, Masih
Holdings
Collection code Home library Current library Date acquired Cost, normal purchase price Full call number Accession Number Koha item type
  Henry Martyn Institute Library Henry Martyn Institute Library 12/11/2009 100.00 269.2 ABD1 011903 Books
                   Copyright © 2026 | Henry Martyn Institute | Hyderabad | TS-500052 | INDIA | Implemented by hmi.edu.in
Hit-Count:

Powered by Koha